header

The trainer's handbook of leadership development (Record no. 232304)

MARC details
000 -LEADER
fixed length control field 01972nam a2200337 a 4500
082 04 - DEWEY DECIMAL CLASSIFICATION NUMBER
Classification number 658.4/07124
100 1# - MAIN ENTRY--AUTHOR NAME
Personal name Lawson, Karen.
245 14 - TITLE STATEMENT
Title The trainer's handbook of leadership development
260 ## - PUBLICATION, DISTRIBUTION, ETC. (IMPRINT)
Place of publication San Francisco :
Name of publisher Pfeiffer,
Year of publication 2011.
300 ## - PHYSICAL DESCRIPTION
Number of Pages x, 262 p.
490 1# - SERIES STATEMENT
Series statement Essential resources for training and HR professionals
520 ## - SUMMARY, ETC.
Summary, etc "In the fast-paced global environment of the 21st century, the need for effective leaders has never been greater. This book provides a variety of tools and techniques for developing leadership competencies and characteristics. Organized according to fifty empirically based competencies and characteristics, each feature is introduced with a clear definition and a discussion of its importance and application. Featuring dozens of activities and other resources to help enhance the skills of today's leaders and high-potentials, this book is a primary resource for Training and HR professionals"--
650 #0 - SUBJECT ADDED ENTRY--TOPICAL TERM
Topical Term Leadership
856 40 - ELECTRONIC LOCATION AND ACCESS
Uniform Resource Identifier http://site.ebrary.com/lib/rucke/Doc?id=10494578
520 ## - SUMMARY, ETC.
-- Provided by publisher.

No items available.

© 2026 Rongo University
Contact us: librarian | system librarian | Rongo university